000 00561nam a22001337a 4500
020 _a0-141-02688-6
082 _a823
_bPHI/W
100 _aPHINN, CERVASE
245 _aA WAYNE IN A MANGET
260 _aNEW DELHI
_bPENGUIN GROUP
_c2006
300 _a144
520 _aA Wayne in a Manger is the hilarious compilation of nativity stories by Gervase Phinn. Discover some wonderfully funny and touching nativity play anecdotes, including children forgetting their lines, ad-libbing, falling of the stage, picking their noses and showing their knickers.
942 _cBK
999 _c6428
_d6428